000
00233nam a2200097Ia 4500
001
682604
005
20250826161422.0
008
250824s9999 xx 000 0 und d
245
0
_a
KAYIP GÖLGELER KENTİ
_c
NAZLI ERAY
260
_b
EVEREST
999
_c
682604
_d
682604